000 00510nam a2200181 a 4500
001 15417
003 CO-ViMGA
008 141112s2004 ck r 000 u spa d
020 _a9580204713
040 _aCO-ViMGA
_bspa
_cCO-ViMGA
082 0 4 _a822.33 O736
100 1 _aOrdoñe, Edgar
_922429
245 1 0 _aAnálisis Literario de Romeo y Julieta :
_bWilliam Shakespeare
260 _aBogotá,
_cVoluntad,
_c1991
300 _a144.p.
650 1 4 _aANALISIS LITERARIO - ROMEO Y JULIETA
_922430
942 _2ddc
_cBK
999 _c25750
_d25750